KOHA-Header-6

An Introduction to ordinary differential equations (Record no. 2461)

000 -LEADER
fixed length control field 00293nam a2200109Ia 4500
008 - FIXED-LENGTH DATA ELEMENTS--GENERAL INFORMATION
fixed length control field 190802s9999 xx 000 0 und d
100 ## - MAIN ENTRY--PERSONAL NAME
Personal name Q. K. Ghori
245 #3 - TITLE STATEMENT
Title An Introduction to ordinary differential equations
260 ## - PUBLICATION, DISTRIBUTION, ETC. (IMPRINT)
Place of publication, distribution, etc Islamabad
Name of publisher, distributor, etc Comsets Institute
Date of publication, distribution, etc 2004
300 ## - PHYSICAL DESCRIPTION
Extent 166:p
942 ## - ADDED ENTRY ELEMENTS (KOHA)
Koha item type Books
Holdings
Withdrawn status Lost status Source of classification or shelving scheme Damaged status Not for loan Collection code Permanent Location Current Location Shelving location Date acquired Full call number Barcode Date last seen Price effective from Koha item type
          Banking MAJU MAJU Shelf No.A45 2019-08-03 LE3 9084 2019-08-03 2019-08-03 Banking

Powered by Koha